| 000 | 00470nam a2200181Ia 4500 | ||
|---|---|---|---|
| 003 | GCL | ||
| 008 | 140319s9999 xx 000 0 eng d | ||
| 040 |
_aGCL / _cGCL |
||
| 082 | 0 | 4 |
_aCH _b823 _bC J |
| 100 | 1 | _aCOHEN, DELLA | |
| 245 | 1 | 0 |
_aJEFF RIDES A SPACESHIP / _cCOHEN, DELLA |
| 700 | 1 | _aWRIGHT, CORNLIUS | |
| 260 |
_a[S.N] : _bMC CLANAHAN BOOK COMPANY ، _c1992 |
||
| 650 | 0 | 4 | _aLITERATURE |
| 650 | 0 | 4 | _aFICTION |
| 650 | 0 | 4 | _aCHILDREN - FICTION |
| 942 |
_2ddc _cBK |
||
| 999 |
_c14587 _d14587 |
||